Readings in Western civilization / (Record no. 25212)
[ view plain ]
| 000 -LEADER | |
|---|---|
| fixed length control field | 00798cam a22002531 4500 |
| 001 - CONTROL NUMBER | |
| control field | 25212 |
| 003 - CONTROL NUMBER IDENTIFIER | |
| rucl marc code | BD-RjUL |
| 005 - DATE AND TIME OF LATEST TRANSACTION | |
| control field | 20211209050840.0 |
| 008 - FIXED-LENGTH DATA ELEMENTS--GENERAL INFORMATION | |
| fixed length control field | 140316s1962 1956 iau 000 0 eng |
| 035 ## - SYSTEM CONTROL NUMBER | |
| System control number | (BD-RjUL)25281 |
| 040 ## - CATALOGING SOURCE | |
| Original cataloging agency | DLC |
| Transcribing agency | DLC |
| Modifying agency | BD-RjUL |
| Language of cataloging | eng |
| 041 ## - LANGUAGE CODE | |
| Language code of text/sound track or separate title | eng |
| 082 00 - DEWEY DECIMAL CLASSIFICATION NUMBER | |
| Classification number | 901 |
| Author mark and year | HUR 1962 |
| 100 1# - MAIN ENTRY--PERSONAL NAME | |
| Personal name | Hughes, Paul L., |
| 9 (RLIN) | 77548 |
| 245 10 - TITLE STATEMENT | |
| Title | Readings in Western civilization / |
| Statement of responsibility, etc. | by Paul L. Hughes and Robert F. Fries. |
| 260 ## - PUBLICATION, DISTRIBUTION, ETC. (IMPRINT) | |
| Place of publication, distribution, etc. | Ames, Iowa, |
| Name of publisher, distributor, etc. | Littlefield, Adams, |
| Date of publication, distribution, etc. | 1956 [Reprinted 1962] |
| 300 ## - PHYSICAL DESCRIPTION | |
| Pagination | 354 p. : |
| Size | 21 cm. |
| 490 0# - SERIES STATEMENT | |
| Series statement | The New Littlefield college outlines ; |
| Volume/sequential designation | 61 |
| 650 #0 - SUBJECT ADDED ENTRY--TOPICAL TERM | |
| Topical term or geographic name as entry element | Civilization, Western |
| General subdivision | History |
| -- | Sources. |
| 9 (RLIN) | 77549 |
| 700 1# - ADDED ENTRY--PERSONAL NAME | |
| Personal name | Fries, Robert F., |
| Dates associated with a name | 1911- |
| Relator term | joint ed. |
| 942 ## - ADDED ENTRY ELEMENTS (KOHA) | |
| Source of classification or shelving scheme | Dewey Decimal Classification |
| Koha item type | Books |
| Lost status | Source of classification or shelving scheme | Damaged status | Not for loan | Collection code | Permanent Location | Current Location | Shelving location | Date acquired | Total Checkouts | Full call number | Date last seen | Copy number | Koha item type |
|---|---|---|---|---|---|---|---|---|---|---|---|---|---|
| Dewey Decimal Classification | Added to bundle | Non-fiction | Central Library, University of Rajshahi | Central Library, University of Rajshahi | Reading Room | 16/03/2014 | 901 HUR 1962 | 16/03/2014 | C-1 | Books |